The raft book; lore of the sea and sky,

Bibliographic Details
Main Author: Gatty, Harold, 1903-1957 (Author)
Format: Book
Language:English
Published: New York, N.Y., G. Grady Press, 1943.
Subjects:

MARC

Tag First Indicator Second Indicator Subfields
LEADER 00000cam a2200000 i 4500
001 in00004819721
008 730110s1943 nyuadf 000 0 eng c
005 20240808230749.1
010 |a  44002212  
035 |a (OCoLC)ocm00534778  
040 |a OUN  |b eng  |e rda  |c OUN  |d OCL  |d OCLCG  |d DRB  |d OCLCQ  |d OCLCF  |d OCLCO  |d OCLCQ  |d NZ1  |d OCLCO  |d OCLCQ  |d OCLCL 
029 1 |a AU@  |b 000026915469 
029 1 |a NLNZL  |b 9912402183502836 
029 1 |a NZ1  |b 11375282 
029 1 |a NZ1  |b 1240218 
029 1 |a NZ1  |b 3462733 
035 |a (OCoLC)00534778 
043 |a pops--- 
050 4 |a VK572  |b .G3 1943a 
082 0 |a 527 
049 |a MAIN 
100 1 |a Gatty, Harold,  |d 1903-1957.,  |e author 
245 1 4 |a The raft book;  |b lore of the sea and sky,  |c by Harold Gatty ... 
246 3 |a Lore of the sea and sky 
264 1 |a New York, N.Y.,  |b G. Grady Press,  |c 1943. 
300 |a 152 pages  |b illustrations, plates (some color), charts, diagrams, folded chats, folded tables  |c 20 cm 
336 |a text  |b txt  |2 rdacontent 
337 |a unmediated  |b n  |2 rdamedia 
338 |a volume  |b nc  |2 rdacarrier 
500 |a Tables and charts on 2 folded leaves and "Greenwich date and hour scales" laid inches. 
500 |a Text on page 2 of cover. 
500 |a "Second edition, October 1943." 
590 |b TAG Physical Holdings 2 
650 0 |a Navigation.  |0 http://id.loc.gov/authorities/subjects/sh85090425 
650 6 |a Navigation. 
650 7 |a Navigation.  |2 fast  |0 (OCoLC)fst01035085 
758 |i has work:  |a The raft book (Text)  |1 https://id.oclc.org/worldcat/entity/E39PCFDgXKxQMpgbpXKcg4hd73  |4 https://id.oclc.org/worldcat/ontology/hasWork 
994 |a 92  |b TAG 
852 |a TAG  |b TAGC  |c galv,sc  |h VK572 .G3 1943  |t c.1 
876 |c 20.00  |p 33620001197744  |x Acc# 2011-012; Rosenberg Coll. 2007  |u noncirc  |v unmediated -- volume 
999 f f |s bf37f928-fdee-4688-a2d9-b7b16819af4a  |i 95db98ff-40ff-4462-a08a-d6beaa4404ac  |t 0 
952 f f |p noncirc  |a Texas A&M University  |b Galveston Campus  |c Jack K. Williams Library  |d Galveston Special Collections  |t 0  |e VK572 .G3 1943  |h Library of Congress classification  |i unmediated -- volume  |m 33620001197744 
998 f f |a VK572 .G3 1943  |t 0  |l Galveston Special Collections